| 000 | 00792nam a2200241 a 4500 | ||
|---|---|---|---|
| 001 | 143 | ||
| 005 | 20221127085851.0 | ||
| 008 | 050920s lxxua 00100 eng d | ||
| 020 |
_a0071151214(pbk) : _cSR138.00 |
||
| 020 |
_a0072334568(study guide : pbk) : _cSR118.00 |
||
| 035 | _a153 | ||
| 082 | 0 | 4 |
_a658 _bJ716 2003 |
| 100 | 1 | _aJones, Gareth R. | |
| 245 | 1 | 0 |
_aContemporary management / _cGareth R. Jones, J. George. |
| 250 | _a3rd ed. | ||
| 260 |
_aBoston, Mass. : _bMcGraw-Hill, _c2003. |
||
| 300 |
_axxiv, 732 p. : _bill. ; _c26 cm. _e2 CD. |
||
| 500 | _aAccompanied by : Study guide / prepared by Ernest King. 2nd ed., 2000. (192 p.) | ||
| 504 | _aIncludes bibl. references and index. | ||
| 650 | 4 | _aManagement. | |
| 700 | 1 |
_aGeorge, Jennifer M., _ejt. auth. |
|
| 700 | 1 | _aKing, Ernest. | |
| 999 |
_c143 _d143 |
||